Quantum electronics ; proceedings of the third international congress. Electronique quantique; comptes-rendus de la 3 conference internationale, Paris /

Bibliographic Details
Corporate Authors: International Quantum Electronics Conference Paris, United States. Office of Naval Research
Other Authors: Grivet, Pierre, 1911-1992, Bloembergen, N.
Format: Conference Proceeding Book
Language:English
French
Published: Paris : New York : Dunod; Columbia University Press, 1964
Subjects:

MARC

Tag First Indicator Second Indicator Subfields
LEADER 00000cam a2200000 4500
001 in00000450921
005 20151012085214.0
008 730119c19641963fr b 00000 eng u
010 |a  64003812  
035 |a (OCoLC)00543083 
035 |9 ABY2655AM 
040 |c XAV  |d TXA  |d UtOrBLW 
041 0 |a eng  |a fre 
049 |a TXAM  |v 1 [405825]  |v 2 [405826] 
050 0 |a QC721  |b .I557 1963 
092 |a 537.1063  |b I61, 1963 
111 2 |a International Quantum Electronics Conference  |n (3d :  |d 1963 :  |c Paris) 
245 1 0 |a Quantum electronics ;  |b proceedings of the third international congress. Electronique quantique; comptes-rendus de la 3 conference internationale, Paris /  |c [By] P. Grivet [and] N. Bloembergen. 
264 1 |a Paris :  |b Dunod;  |a New York :  |b Columbia University Press,  |c 1964 
264 4 |c [©1963] 
300 |a 2 volumes (xxix, 1923 pages) :  |b illustrations, portraits ;  |c 25 cm. 
336 |a text  |b txt  |2 rdacontent 
337 |a unmediated  |b n  |2 rdamedia 
338 |a volume  |b nc  |2 rdacarrier 
500 |a Sponsored by the Office of Naval Research, the International Radio Union, and the Federation nationale des industries electroniques. 
500 |a English or French. 
504 |a Includes bibliographies. 
650 0 |a Quantum electronics  |v Congresses. 
700 1 |a Grivet, Pierre,  |d 1911-1992. 
700 1 |a Bloembergen, N. 
710 1 |a United States.  |b Office of Naval Research. 
740 0 |a Electronique quantique. 
999 |a MARS 
999 f f |s 9dea8d32-7911-3f24-afbb-f67ac15af82b  |i 0f99e896-42ba-3f39-a719-1b3860e2337a  |t 0 
952 f f |p normal  |a Texas A&M University  |b College Station  |c Sterling C. Evans Library  |d Evans: Library Stacks  |t 0  |e QC721 .I557 1963  |h Library of Congress classification  |i unmediated -- volume  |k v.2  |m A14800922233 
952 f f |p normal  |a Texas A&M University  |b College Station  |c Sterling C. Evans Library  |d Evans: Library Stacks  |t 0  |e QC721 .I557 1963  |h Library of Congress classification  |i unmediated -- volume  |k v.1  |m A14800922241 
998 f f |a QC721 .I557 1963  |s v.1-2  |t 0  |l Evans: Library Stacks